000 00688nam a2200157 4500
999 _c5967
_d5967
008 161205b xxu||||| |||| 00| 0 eng d
022 _a00014826
082 _aDPer 657.05 Ac27 Jan 2016 v. 91, n.1
100 _918109
_aLourenco, Sofia M.
245 _aMonetary incentives, feedback and recognition-complements or substitutes? evidence from a field experiment in a retail services company/
_cSofia M. Lourenco.
260 _aSarasota, Florida:
_bAmerican Accounting Association,
_c©2016.
300 _av91 n1, pages 279-297;
_c28 cm.
500 _aThe Accounting review: a journal of American accounting association.
650 0 _918110
_aMotivation (Psychology)
942 _2ddc
_cPER